Quizzes
Events
Quiz Creation
Community
Videos
Private Events
Remove Ads
Sign In
Join for FREE
Feedback
Dark Mode
Quiz Categories
Sports
Geography
Music
Movies
Television
Just For Fun
Miscellaneous
History
Literature
Language
Science
Gaming
Entertainment
Religion
Holiday
For Kids
Quiz Lab
Recent
Popular Today
Quiz Kudos Today
Editor Picks
Curator Picks
Quizzes by...
Day
Popularity
Type
Ratings
Length
Year
Community
Subscriptions
Recent Discussions
Orange Saloon
Badges
Playlists
Quests
Create
Leaderboards
Showdown
Live 5
Trivia Bingo
Activity
Puzzle Library
Sporcle Events
Private Events
Virtual Trivia
Globe League
Become a Host
Pub Owners
SporcleCon
Opinionation
Our Games
Videos
Blog
Mobile Apps
Partnerships
Remove Ads and Go Orange
Feedback
Sports
Athletes
MLB
NBA
NHL
NFL
Soccer
Sports Teams
WWE
NCAA
Football
Premier League
Basketball
Baseball
Hockey
Golf
Tennis
Cricket
Rugby
Auto Racing
Olympics
World Cup
Sports
Athletes
MLB
NBA
NHL
NFL
Soccer
Sports Teams
WWE
NCAA
Football
Premier League
Basketball
Baseball
Hockey
Golf
Tennis
Cricket
Rugby
Auto Racing
Olympics
World Cup
Random Quiz
Search Sporcle
×
Quiz Lab
Quiz Lab
Sports
season
Type in answers that appear in a list
Type in answers that appear in a list
Classic
Best Score? Go Orange.
Mets 120 Strikeout Hitters Stats
Can you name the Mets Hitters With 120 Strikeouts In A Season?
By
AmazinAvenue
7m
26 Questions
558 Plays
558 Plays
558 Plays
Comments
Comments
Give Quiz Kudos
Give Quiz Kudos
-
- Ratings
hide this ad
Replay
Link that replays current quiz
Next Quiz
Link to next quiz in quiz playlist
You Got
0%
They Got
Avg Score
60%
Avg Friend Score
Upgrade to see
Score Distribution
Jump to the score distribution portion of the page
Score
0/26
Timer
07:00
0
Plays Today
Strikeouts
% Correct
140
David Wright
95.3%
141
Darryl Strawberry
89.6%
131
Darryl Strawberry
89.6%
128
Darryl Strawberry
89.6%
127
Darryl Strawberry
89.6%
122
Darryl Strawberry
89.6%
124
Carlos Delgado
82.1%
120
Carlos Delgado
82.1%
126
Howard Johnson
78.5%
120
Howard Johnson
78.5%
156
Dave Kingman
71.1%
153
Dave Kingman
71.1%
135
Dave Kingman
71.1%
Strikeouts
% Correct
146
Todd Hundley
52.9%
145
Mo Vaughn
52.7%
156
Tommie Agee
49.1%
137
Tommie Agee
49.1%
135
Jeromy Burnitz
43.9%
125
Bernard Gilkey
42.8%
123
George Foster
41.6%
122
George Foster
41.6%
143
Mike Cameron
34.1%
125
Derek Bell
31.2%
124
Ty Wigginton
26.2%
123
Charley Smith
12.7%
120
Jim Hickman
8.6%
Quiz Playlist
Details
Report
Send in Message
Add To Playlist
Classic:
Type in answers that appear in a list
Quiz Source
Last Updated: Feb 16, 2017
Quiz Scoreboard
CHALLENGE
Sign Up to Join the Scoreboard
Show All
Scores
Hide
Comments
May contain spoilers
Recently Published
Alphabetical 'K' Countries by Flag Minefield
by ylime102
Geography
3m
Pick 6: Fruits
by JohnFran
Miscellaneous
15s
Click the 1999 NBA Draft
by nibperrychub
Sports
2m
More to Explore
Quiz From the Vault
Featured Blog Post
15 Basketball Trivia Facts You Can Be March Mad About
hide this ad
You Might Also Like...
Tags
120
Hitter
met
season
strikeouts
Today's Top Quizzes in Sports
Browse Sports
hide this ad
Today's Top Quizzes in season
Browse season
Top Contributed Quizzes in Sports
1
Les joueurs à 100 buts en Ligue 1 Uber Eats
2
Pick 6: NFL Teams
3
MLB 2 truths and a lie: Hall of Fame pitchers
4
Criteria MLB: Left Handed Sluggers
5
2022 World Cup Stars
6
Don't Strike Out: 3000 Strikeouts
7
Millionaire: NBA Finals Edition
8
Pick 6: Minor League Baseball
9
Click the 1998 NBA Draft
10
Pick 6: Olympics
Explore More
Trending Topics
Marvel
NBA
Crossword
Anime
Kpop
Harry Potter
Disney
Pokémon
Country
WWE
Soccer
NFL
Puzzle
The Office
Song
hide this ad
More By:
AmazinAvenue
Quiz
Plays
Rating
Category
Featured
Created
Mets Opening Day Lineups Since 2006
3,043
3.36
Sports
Apr 12, 2010
Mets Pitchers with 200+ Strikeouts
2,203
4.00
Sports
May 24, 2010
Mets 15/15 Batters
1,258
4.00
Sports
Jul 6, 2010
Mets Third Basemen, Minimum 50 Games
1,104
4.11
Sports
Jun 22, 2010
Mets Highest-Paid Players
953
4.00
Sports
Aug 9, 2010
Go to Creator's Profile
Score Distribution
Quiz Creator Spotlight
AmazinAvenue
Follow
Send a Message
Quizzes Created
-
Created Quiz Play Count
-
More By This Creator
Popular Quizzes Today
1
Countries of Asia Without Outlines Minefield
2
Find the US States - No Outlines Minefield
3
Pick 6: Fruits
4
Alphabetical 'K' Countries by Flag Minefield
5
The Countries of the World
6
Find the US States
7
US States
8
Match the Book to the Film X
More Sports Quizzes
International Footballers: Discover the Dutch VI
Quiz Lab
Trending Quizzes
Pick 6: Mountains
Pick 6: Harry Potter
Pick 6: NFL Teams
Pick 6: Movie Franchises
Pick 6: Golfers
Recently Updated
NWSL Teams
pecheneg
Women's Final Four Teams by Year
bhenderson79
Presidents Quartet II
eogle
Anything But Clue(do)
eogle
Anything But Oceanian Capitals
eogle
Anything But 7
eogle
Anything But Thing
eogle
Word Ladder: February 29
pecheneg
Song Title Questions
pecheneg
Women's NCAA Tournament #1 Seeds
pecheneg
Trending Topics
Harry Potter
Crossword
Anime
Disney
NBA
Kpop
Marvel
Puzzle
Soccer
The Office
Country
NFL
Song
Pokémon
WWE
Your Account Isn't Verified!
In order to create a playlist on Sporcle, you need to verify the email address you used during registration. Go to your
Sporcle Settings
to finish the process.
Report this User
Report this user for behavior that violates our
Community Guidelines
.
Details:
Send Report
Go to the Sporcle.com Mobile Site →
Comments